书目信息 |
| 书名: | She Wins,You Win | |
| 作者: | Gail Evans | |
| 分册号: | ||
| 分册名: | 出版地: | New York |
|
| 出版社: | GOTHAM BOOKS | |
| 出版时间: | 2003 | |
| 页数: | 190p | |
| 开本: | 22cm | |
| 丛书名: | ||
| 中图分类号: | ||
| 科图分类号: | ||
| 其他分类号: | C913.2 | |
| 主题词: | ||
| 电子资源: | ||
| 000 | 00481nam0 2200193 450 | |
| 001 | 052012173763 | |
| 005 | 20121107091922.0 | |
| 008 | 20021229d1997 em y0chiy0121 ea | |
| 020 | @a978-1-5924-0059-1@c$14.00 | |
| 041 | @aeng | |
| 091 | @aC913.2 | |
| 099 | @dC913.2@eG138 | |
| 100 | @aGail Evans | |
| 245 | 10 | @aShe Wins,You Win @cGail Evans |
| 260 | @aNew York@bGOTHAM BOOKS@c2003 | |
| 300 | @a190p@c22cm | |
| 521 | @aShe Wins,You Win | |
| 905 | @b7675-7 | |
| 905 | @aTSG@dC913.2@eG138 | |
| She Wins,You Win / Gail Evans.-New York : GOTHAM BOOKS , 2003 |
| 190p ; 22cm |
| She Wins,You Win |
| ISBN 978-1-5924-0059-1$14.00 |
| ● |
| 相关链接 |
|
|
|
正题名:She Wins,You Win
索取号:C913.2/G138
 
预约/预借
| 序号 | 登录号 | 条形码 | 馆藏地/架位号 | 状态 | 备注 |
| 1 | 7675 | 300076753 | 社科库509/509社科库 132排1列1层/ [索取号:C913.2/G138] | 在馆 | |
| 2 | 7676 | 300076762 | 社科库509/509社科库 132排1列1层/ [索取号:C913.2/G138] | 在馆 | |
| 3 | 7677 | 300076771 | 社科库509/509社科库 132排1列1层/ [索取号:C913.2/G138] | 在馆 |